E.R. - Name the episode #7 - Statistics

General Stats
  • This quiz has been taken 6 times
  • The average score is 17 of 26
Answer Stats
Hint Answer % Correct
Archie Morris And in the End...
100%
Samantha Taggart And in the End...
100%
Tony Gates And in the End...
100%
Simon Brenner And in the End...
100%
Catherine Banfield And in the End...
100%
Elizabeth Corday Fear
100%
Mark Greene On the Beach
100%
Kerry Weaver A House Divided
75%
Lucy Knight All in the Family
75%
Robert Romano Freefall
75%
Gregory Pratt Life After Death
75%
Luka Kovac The Book of Abby
75%
Abby Lockhart The Book of Abby
75%
John Carter The Show Must Go On
75%
Anna Del Amico A Hole in the Heart
50%
Susan Lewis Canyon City
50%
Dave Malucci Never Say Never
50%
Carol Hathaway Such Sweet Sorrow
50%
Michael Gallant The Gallant Hero and the Tragic Victor
50%
Ray Barnett The Honeymoon is Over
50%
Jeannie Boulet The Peace of Wild Things
50%
Jing-Mei Chen Twas the Night
50%
Peter Benton I'll Be Home for Christmas
25%
Cleo Finch I'll Be Home for Christmas
25%
Neela Rasgotra Shifting Equilibrium
25%
Doug Ross The Tempest
0%
No matching quizzes found
Score Distribution
Percent of People with Each Score
Percentile by Number Answered
Your Score History
You have not taken this quiz